000 01345naa a22003617a 4500
001 BR8101111
003 BR-BrBNA
005 20250716170956.0
007 ta
008 250630b bl.|||m| |||| 00| 0 por d
040 _aBR-BrBNA
_bpor
_cBiblioteca Nacional de Agricultura
041 _a(Pt)
072 _aH60
_b1540
_b3876
_bG514
090 _aH60 BR8101111
100 1 _aPinho, J.L.N. de
100 1 _aQueiroz, G.M. de
100 1 _aMelo, F.I.O.
100 1 _aLopes, J.G.V.
100 1 _aOliveira, F.C. de
245 1 _aControle de plantas daninhas na cultura da mandioca (Manihot esculenta Crantz), no Ceara [Herbicida; Brasil]
246 1 _a[Weed control in cassava crop (Manihot esculenta Crantz), in Ceara [Herbicide; Brazil]]
246 1 _a[Yearly research report. Phytotechny]
500 _aRelatorio anual de pesquisa. Fitotecnia Fortaleza, CE (Brasil): 1980. p. 53-81 [16 tables; Summary (Pt)] (BR8101111-AMS)
773 0 _tRelatorio anual de pesquisa. Fitotecnia
_wH60 BR8101111
_gFortaleza, CE (Brasil), 1980. p. 53-81
650 _aErva daninha
650 _aMandioca
650 _aHerbicida
650 _aControle quimico
650 _aCeara
490 _aRelatorio Anual de Pesquisa - Empresa de Pesquisa Agropecuaria do Ceara (Brazil)
942 _cAMS
_2AGRIS
909 _a202506
_bLúcia
_c55
_dLúcia Elande
999 _c333651
_d333651